000 01006 a2200301 4500
003 OSt
005 20180116192328.0
008 120214t xxu||||| |||| 00| 0 eng d
010 _a 2004063259
020 _a0060732792
040 _c0
082 0 0 _a863.64
100 1 _aVargas Llosa, Mario,
245 1 4 _aThe green house :
_ba novel /
_cMario Vargas Llosa : translated by Gregory Rabassa.
250 _a1st Rayo ed.
260 _aNew York :
_bRayo,
_c2005.
300 _a405p.:
_c20cm
500 _aIncludes index
650 _aScience fiction
650 _aSpanish language
650 _aGood and evil
650 _aPeru
700 1 _aRabassa, Gregory.
856 4 2 _3Contributor biographical information
_uhttp://www.loc.gov/catdir/enhancements/fy0910/2004063259-b.html
856 4 2 _3Publisher description
_uhttp://www.loc.gov/catdir/enhancements/fy0910/2004063259-d.html
942 _aSADA
_cBK
_k863.64 VAR 2005
_2ddc
999 _c352261
_d352261